000 01071nam a22002777a 4500
999 _c63527
_d63527
005 20240530110646.0
008 171023s2015 ua g 000 p ara d
017 _a2014/11367
_bمصر. دار الكتب
020 _a9789773505813
040 _aEG-CaGPL
_cEG-CaGPL
082 0 4 _221
_a810.8006\
_bأ أ
100 0 _aامينة فزارى .
245 1 2 _aالاجناس الادبية المغربية و الاندلسية /
_cاعداد امينة فزارى .
250 _aط.1
260 _aالقاهرة :
_bدار الكتاب الحديث ،
_c2015
300 _a365 ص. ؛
_c24 سم.
650 0 7 _2qrmak
_aالادب العربى
_xمجموعات .
650 0 7 _2qrmak
_aالنثر العربى
_zالاندلس
650 0 7 _2qrmak
_aالنثر العربى
_zالمغرب
650 0 7 _2qrmak
_aالشعر العربى
_zالاندلس
650 0 7 _2qrmak
_aالشعر العربى
_zالمغرب
650 0 7 _2qrmak
_aالادب العربى
_zالمغرب .
651 _2qrmak
942 _2ddc
_cBK